Statistics for Countries that Export the Most Salt

Click here to take the quiz!

General Stats

  • This quiz has been taken 19 times
  • The average score is 15 of 20

Answer Stats

RankExport ValuesAnswer% Correct
987.4 MillionChina
100%
3190.0 MillionUnited States
100%
4136.8 MillionCanada
94%
1171.5 MillionFrance
94%
2217.4 MillionGermany
94%
1836.0 MillionItaly
94%
7115.0 MillionMexico
94%
887.8 MillionSpain
94%
1362.3 MillionUnited Kingdom
89%
5134.7 MillionIndia
83%
1280.1 MillionNetherlands
78%
1933.8 MillionPoland
78%
1085.3 MillionBelgium
72%
6129.2 MillionChile
61%
1450.6 MillionPakistan
61%
1269.6 MillionAustria
56%
1547.9 MillionDenmark
50%
1739.1 MillionKenya
28%
1647.2 MillionTunisia
22%
2031.0 MillionNamibia
6%

Score Distribution

Percentile by Number Answered

Percent of People with Each Score

Your Score History

You have not taken this quiz